| 000 | 00366cam a2200157ua 4500 | ||
|---|---|---|---|
| 001 | 13267 | ||
| 008 | 141203n2001 II |||gr||||Z||||||eng | ||
| 040 | _aMAIN | ||
| 041 | _aEnglish | ||
| 082 | _a515.4 DHA | ||
| 100 | _aDHANI, H.S . | ||
| 245 | _aINTEGAL CALCULUS | ||
| 260 |
_aNEW DELHI _bNEW AGE INTERNATIONAL LTD. _c2001 |
||
| 300 |
_a333.: _c22CM. |
||
| 942 | _cBK | ||
| 999 |
_c13154 _d13154 |
||